Normal view
MARC view
- الدهان، اميمة
Entry Personal Name
001 - CONTROL NUMBER
- control field: 66619
003 - CONTROL NUMBER IDENTIFIER
- control field: JO-AjAnu
005 - DATE AND TIME OF LATEST TRANSACTION
- control field: 20250723101858.0
008 - FIXED-LENGTH DATA ELEMENTS
- fixed length control field: 250723|| aca||aabn | a|a d
040 ## - CATALOGING SOURCE
- Original cataloging agency: JO-AjAnu
100 ## - HEADING--PERSONAL NAME
- Personal name: الدهان، اميمة
- Relator term: مؤلف